00358nam a2200133 a 45000010010000000030011000100080041000210350026000620820018000881000025001062450038001312600042001696500013002110000-9286ELIB.Books110520 1988  a(ELIB.Books)0000-9438 a230.082 bBri aBristow, John Temple aWhat Paul Really Said About Women bNew York: Harper San Francisco c1988 aTheology